La fin d’ Alexandre I er. (Registro nro. 325154)

Detalles MARC
000 -ENCABEZADO
Número de control [NR] 01713nam a22002777a 4500
005 - FECHA Y HORA DE LA ÚLTIMA TRANSACCIÓN
control field 20250213122854.0
008 - DE LONGITUD FIJA DE DATOS DE ELEMENTOS - INFORMACIÓN GENERAL
Elementos de longitud fija [NR] 250211s1926 fr |||fr|||| 000 f fre d
040 ## - FUENTE DE CATALOGACION [NR]
Agencia de catalogación original [NR] CO-BoUCM
Idioma de catalogación [NR] spa
Quien Cataloga Sandra Yazo
Quien Clasifica Sandra Yazo
041 1# - CODIGO DE IDIOMA [R]
Código de idioma para texto/pista de sonido o título separado [R] Francés
082 04 - NUMERO DE CLASIFICACION DECIMAL DEWEY [R]
Número de la edición [NR] 20
Número de clasificación [R] 891.73
092 ## - SIGNATURA TOPOGRAFICA LOCAL
Número de clasificación local E54N032
100 1# - ASIENTO PRINCIPAL--NOMBRE PERSONAL [NR]
ID Autoridad 103347
Nombre personal [NR] Merezhkovsky, Dmitry Sergeyevich
Fechas asociadas con el nombre [NR] 1865-1941
242 03 - TRADUCCION DEL TITULO POR LA AGENCIA CATALOGADORA [R]
Título [NR] El fin de Alejandro I.
Parte restante del título [NR] Novela Histórica.
Mención de responsabilidad, etc. [NR] Dmitri Merejkovsky ; Traduction, Préface et Épilogue de E. Halpérine-Kaminsky.
Código de idioma del título traducido [NR] spa
245 13 - MENCION DE TITULO [NR]
Título [NR] La fin d’ Alexandre I er.
Parte restante del título [NR] Roman Historique.
Mención de responsabilidad, etc. [NR] Dmitry Mérejkowsy ; Traduction, Préface et Épilogue de E. Halpérine-Kaminsky
260 ## - PUBLICACION, DISTRIBUCION, ETC. (PIE DE IMPRENTA) [R]
Nombre del editor, distribuidor, etc. [R] Calmann – Lévy ; Imprimerie Chaix [Calmann – Lévy ; Imprenta de Chaix]
Lugar de publicación, distribución, etc. [R] París (Francia)
Fecha de publicación, distribución, etc. [R] 1926
300 ## - DESCRIPCION FISICA [R]
Extensión [R] viii, 35, [1] páginas
Dimensiones [R] 18 x 12 cm.
500 ## - NOTA GENERAL [R]
Nota general [NR] Detalles físicos: Sin encuadernación original, actualmente encuadernación rígida (holandesa) cartón forrado en papel texturizado (negro). Lomo en tela, con letras y líneas decorativas en dorado. Guardas. Hoja de cortesía. Anteportada. Portada impresa en una sola tinta. Texto impreso en una columna, con diferentes tipos y tamaños de letra. Cortes decorados con jaspeados de color rojo. Papel con oxidación de tintas en bordes.
505 0# - NOTA DE CONTENIDO CON FORMATO PREESTABLECIDO [R]
Nota de contenido con formato preestablecido [NR] Prefacio del traductor ; El fin de Alejandro I ; Epílogo ; El 14 de diciembre de 1825 ; El enigmático Féodor Kozmitch
506 ## - NOTA DE RESTRICCIONES DE ACCESO [R]
Condiciones de acceso [NR] Consulta en sala
546 ## - NOTA DE IDIOMA [R]
Nota de idioma [NR] Texto en francés
650 #7 - ASIENTO SECUNDARIO DE MATERIA - TERMINO TEMATICO [R]
9 (RLIN) 20526
Término temático o nombre geográfico como elemento de entrada [NR] Novela histórica rusa
650 #7 - ASIENTO SECUNDARIO DE MATERIA - TERMINO TEMATICO [R]
9 (RLIN) 18740
Término temático o nombre geográfico como elemento de entrada [NR] Literatura rusa
690 ## - ASUNTO AGREGADO LOCAL DE ENTRADA - TÉRMINO TEMÁTICO (OCLC, RLIN)
Acceso temático local Literatura europea
9 (RLIN) 26524
700 1# - ASIENTO SECUNDARIO - NOMBRE PERSONAL [R]
Nombre personal [NR] Halpérine-Kaminsky, E. (Ely)
Títulos u otras palabras asociadas con el nombre [R] 1858-1936
Término de relación [R] traductor
9 (RLIN) 184194
942 ## - ELEMENTOS DE ENTRADA AGREGADOS (KOHA)
Sistema de clasificación LOCAL
Tipo de ítem principal el descrito en 300a Libro
Edición 1
Clasificación E54N032
Existencias
Suprimido Perdido Sistema de clasificación Dañado No prestable Tipo de ítem específico Ubicación habitual Ubicación actual Localización Fecha de creación Forma de adquisición Total préstamos Signatura topográfica Código de barras Última vez visto Ejemplar Price effective from Tipo de ítem
    LOCAL     Libro archivo Archivo Histórico Archivo Histórico Archivo histórico 11/02/2025 Donación   E54N032 L007174 11/02/2025 Ej.1 11/02/2025 Libro